| 000 | 00603nam a2200205 a 4500 | ||
|---|---|---|---|
| 005 | 20140310183509.0 | ||
| 008 | 101019s19uu xx 00 eng d | ||
| 020 | _a9781940411009 | ||
| 050 |
_aPN 1995.9.P7 _b.H939 2010 |
||
| 100 | _aHunt, Robert Edgar | ||
| 245 |
_aBasics film-making 03 : _bdirecting fiction / _cRobert Edgar Hunt |
||
| 260 |
_aSwitzerland : _bAVA Publishing, _c2010. |
||
| 300 |
_a207 p. : _bcol. ill. ; _c24 cm. |
||
| 521 | _aMA | ||
| 650 | _aMaya (Computer file). | ||
| 650 | _aComputer animation. | ||
| 650 | _aComputer graphics. | ||
| 942 |
_cBK _2lcc _kFOR |
||
| 999 |
_c24137 _d24137 |
||